000 00814cam a22002894a 4500
001 UByD003710
003 AR-LpoUNG
005 20260109123216.0
008 250214s2012||||ag a b 000|1 spa d
020 _a9789870411192
040 _aAR-LpoUNG
_bspa
_cAR-LpoUNG
_eaacr
041 0 _aspa
044 _aag
082 0 _a808.068 3 473bue
100 1 _aPescetti, Luis María
245 1 1 _a¡Buenísmo, Natacha!
250 _a3ra. ed.
260 _aBuenos Aires :
_bAlfaguara,
_c2012.
300 _a139 p. :
_bil.
505 0 _aSugerido a partir de 10 años (etiqueta VIOLETA).
650 4 _aCuentos
650 4 _aLiteratura
653 0 _aLiteratura infantil
700 1 _aFernández, Pablo
_eil.
942 _cLIB
_2ddc
999 _c66400
_d66400